00664nam a2200241 a 4500001001300000003000900013005001700022008004100039020001000080082001600090100002300106245002100129260003800150300000900188500003500197505001000232650001100242700002300253902000800276942000700284952011600291999001500407nice12345678IN_TiNIC20260116011820.0050524s1887 kana grp 000 0 urd  ac10000a297.4bABD2 aAbdus Samad, Hakim aRafa-Ul-Ishtabah aKanpurbNawal Kishore Pressc1887 a233p aincludes index and biblioraphy2 aIndex aSufism1 aAbdus Samad, Hakim bRBA cBK 001040708RareBook->aHMIbHMId2007-07-31g100.00l0o297.4 ABD2p07984r2007-07-31v100.00w2005-05-24yBK c4166d4166